000 00540nam a2200205Ia 4500
003 GCL
008 140319s9999 xx 000 0 ara d
040 _aGCL /
_cGCL
082 0 4 _a813.03
_bس س
100 1 _aسعد مكاوى
245 1 0 _aالسائرون نياما /
_cسعد مكاوى
300 _a218 ص
490 _aروايات الهلال
_v0
650 0 4 _aالادب العربى
650 0 4 _aالادب
650 0 4 _aالقصص
650 0 4 _aالقصة العربية
650 0 4 _aتى شيرت
942 _2ddc
_cBK
999 _c42132
_d42132